MDQL
is popping MORE tags! Check the
thread
!
Quizzes
Events
Quiz Creation
Community
Videos
Private Events
Remove Ads
Sign In
Join for FREE
Feedback
Dark Mode
Quiz Categories
Sports
Geography
Music
Movies
Television
Just For Fun
Miscellaneous
History
Literature
Language
Science
Gaming
Entertainment
Religion
Holiday
For Kids
Quiz Lab
Recent
Popular Today
Quiz Kudos Today
Editor Picks
Curator Picks
Quizzes by...
Day
Popularity
Type
Ratings
Length
Year
Community
Subscriptions
Recent Discussions
Orange Saloon
Badges
Playlists
Quests
Create
Leaderboards
Showdown
Live 5
Trivia Bingo
Activity
Puzzle Library
Sporcle Events
Private Events
Virtual Trivia
Globe League
Become a Host
Pub Owners
SporcleCon
Opinionation
Our Games
Videos
Blog
Mobile Apps
Partnerships
Remove Ads and Go Orange
Feedback
Geography
Country
Landmarks
City
State
Population
World
Capital
Continent
Flags
Europe
Africa
Asia
South America
North America
Oceania
Border
Canada
United Kingdom
Topography
United States
Geography
Country
Landmarks
City
State
Population
World
Capital
Continent
Flags
Europe
Africa
Asia
South America
North America
Oceania
Border
Canada
United Kingdom
Topography
United States
Random Quiz
Search Sporcle
×
Quiz Lab
Quiz Lab
Geography
London
Type in answers that appear in a list
Type in answers that appear in a list
Classic
Best Score? Go Orange.
Streets of Soho, London Stats
Can you name the all the streets in Soho, London?
By
corington
5m
57 Questions
154 Plays
154 Plays
154 Plays
Comments
Comments
Give Quiz Kudos
Give Quiz Kudos
-
- Ratings
hide this ad
More Info
Replay
Link that replays current quiz
Next Quiz
Link to next quiz in quiz playlist
You Got
0%
They Got
Avg Score
26%
Avg Friend Score
Upgrade to see
Score Distribution
Jump to the score distribution portion of the page
Score
0/57
Timer
05:00
0
Plays Today
% Correct
Wardour Street
74.7%
Wardour Mews
74.7%
Soho Square
71.4%
Soho Street
71.4%
Dean Street
70.8%
Old Compton Street
70.1%
Greek Street
69.5%
Frith Street
67.5%
Berwick Street
62.3%
Poland Street
54.5%
Brewer Street
53.9%
Beak Street
46.1%
Lexington Street
42.2%
Great Marlborough Street
40.3%
Kingly Street
34.4%
Argyll Street
33.1%
Rupert Street
28.6%
Great Windmill Street
27.9%
Archer Street
27.3%
Marshall Street
26%
Noel Street
26%
Air Street
26%
Carlisle Street
24%
D'Arblay Street
22.7%
Glasshouse Street
22.7%
Romilly Street
22.7%
Bateman Street
20.8%
Warwick Street
20.8%
Denman Street
19.5%
% Correct
Bridle Lane
18.2%
Peter Street
17.5%
St Anne's Court
14.9%
Little Argyll Street
13.6%
Great Pulteney Street
13%
Ham Yard
12.3%
Duck Lane
11%
Sheraton Street
11%
Moor Street
10.4%
Hollen Street
10.4%
Lower John Street
9.7%
Ramillies Street
9.1%
Ramillies Place
9.1%
Richmond Mews
9.1%
Winnett Street
8.4%
Great Chapel Street
8.4%
Hopkins Street
8.4%
Manette Street
7.8%
Bouchier Street
7.1%
Ingestre Place
5.8%
Sutton Row
5.8%
Goslett Yard
5.2%
Merde Street
4.5%
Livonia Street
3.9%
Fareham Street
3.2%
Portland Mews
2.6%
Hills Place
1.9%
Dufour's Place
1.9%
Quiz Playlist
Details
Report
Send in Message
Add To Playlist
More Info:
Soho is counted as the inside area bordered by Oxford Street, Charing Cross Road, Shaftsbury Avenue and Regent Street
Classic:
Type in answers that appear in a list
Quiz Source
Last Updated: Feb 16, 2017
Quiz Scoreboard
CHALLENGE
Sign Up to Join the Scoreboard
Show All
Scores
Hide
Comments
May contain spoilers
Recently Published
5x2 Blitz: Bands
by SL_Kpop136
Music
30s
Colored Red Africa Blitz
by spor1
Geography
30s
Find the 'City' Movie
by crazypaving
Movies
60s
More to Explore
Quiz From the Vault
Featured Blog Post
14 Easter Pick-up Lines to Find Eggs With
hide this ad
You Might Also Like...
Tags
London
street
Today's Top Quizzes in Geography
Browse Geography
hide this ad
Today's Top Quizzes in London
Browse London
Top Contributed Quizzes in Geography
1
Countries of the World - No Outlines Minefield
2
Colored Red Africa Blitz II
3
Colored Red Europe Blitz I
4
Colored Red Europe Blitz II
5
Colored Red Africa Blitz III
6
Colored Red Europe Blitz III
7
Colored Red States Blitz II
8
Country Trivia Logic Puzzle II
9
Colored Red States Blitz I
10
List All 50 US States
Explore More
Trending Topics
Kpop
Harry Potter
Crossword
Disney
NBA
Marvel
Anime
WWE
Pokémon
Soccer
Country
The Office
Song
Puzzle
NFL
hide this ad
More By:
corington
Quiz
Plays
Rating
Category
Featured
Created
UK Foreign Office don't travel countries
4,575
4.33
Geography
Nov 30, 2009
Victoria Line
2,086
4.00
Geography
Oct 29, 2009
Can you name the first 300 asteroids by any 3 letters?
1,541
5.00
Science
Jun 24, 2014
Countries with liberal laws
1,206
4.14
Geography
Mar 17, 2010
Top UK charity brands
258
4.00
Miscellaneous
Oct 9, 2009
Go to Creator's Profile
Score Distribution
Quiz Creator Spotlight
corington
Follow
Send a Message
Quizzes Created
-
Created Quiz Play Count
-
More By This Creator
Popular Quizzes Today
1
Find the 'City' Movie
2
5x2 Blitz: Bands
3
Colored Red Africa Blitz
4
The Countries of the World
5
Find the US States - No Outlines Minefield
6
Find the US States
7
9x9 Crossword: Cartoon Network
8
US States
More Geography Quizzes
'I' in Geography
Published
Trending Quizzes
Colored Red Africa Blitz II
Colored Red Europe Blitz I
Colored Red Africa Blitz III
Colored Red Europe Blitz II
Colored Red Europe Blitz III
Recently Updated
Champions League XIs: Real Madrid
pecheneg
Largest US Cities 1790-2010
pecheneg
Rides in Walt Disney World
pecheneg
Most Oscar Losses (Acting)
pecheneg
Beyoncé Albums
pecheneg
Leaping Animals
pecheneg
Reality TV Shows (A-Z)
bhenderson79
Rickey Henderson's Hall of Fame Teammates
pecheneg
Champions League XIs: Arsenal
pecheneg
Quick Pick: Celebrities in WWE's Hall of Fame
aduchscher
Trending Topics
Crossword
Marvel
Disney
Kpop
Anime
NBA
Harry Potter
Puzzle
NFL
Soccer
Song
WWE
Country
Pokémon
The Office
Your Account Isn't Verified!
In order to create a playlist on Sporcle, you need to verify the email address you used during registration. Go to your
Sporcle Settings
to finish the process.
Report this User
Report this user for behavior that violates our
Community Guidelines
.
Details:
Send Report
Go to the Sporcle.com Mobile Site →
Comments